Central Library OPAC University of Rajshahi

90 most promising careers for the 80s / (Record no. 35210)

MARC details
000 -LEADER
fixed length control field 00796nam a2200265 a 4500
001 - CONTROL NUMBER
control field 35210
003 - CONTROL NUMBER IDENTIFIER
rucl marc code BD-RjUL
005 - DATE AND TIME OF LATEST TRANSACTION
control field 20211209052259.0
008 - FIXED-LENGTH DATA ELEMENTS--GENERAL INFORMATION
fixed length control field 140521s1982 nyu 000 0 eng
020 ## - INTERNATIONAL STANDARD BOOK NUMBER
International Standard Book Number 067145272X (pbk.) :
035 ## - SYSTEM CONTROL NUMBER
System control number (BD-RjUL)35304
040 ## - CATALOGING SOURCE
Original cataloging agency DLC
Transcribing agency DLC
Modifying agency DLC
Language of cataloging eng
041 ## - LANGUAGE CODE
Language code of text/sound track or separate title eng
082 00 - DEWEY DECIMAL CLASSIFICATION NUMBER
Classification number 331.7020973
Edition number 19
Author mark and year GAM 1982
100 1# - MAIN ENTRY--PERSONAL NAME
Personal name Gates, Anita.
9 (RLIN) 107275
245 10 - TITLE STATEMENT
Title 90 most promising careers for the 80s /
Statement of responsibility, etc. Anita Gates.
260 ## - PUBLICATION, DISTRIBUTION, ETC. (IMPRINT)
Place of publication, distribution, etc. New York :
Name of publisher, distributor, etc. Monarch Press,
Date of publication, distribution, etc. c1982.
300 ## - PHYSICAL DESCRIPTION
Pagination xii, 180 p. ;
Size 22 cm.
650 #0 - SUBJECT ADDED ENTRY--TOPICAL TERM
Topical term or geographic name as entry element Occupations
Geographic subdivision United States.
9 (RLIN) 107276
Topical term or geographic name as entry element Vocational guidance
Geographic subdivision United States.
9 (RLIN) 107277
942 ## - ADDED ENTRY ELEMENTS (KOHA)
Source of classification or shelving scheme Dewey Decimal Classification
Koha item type Books
Holdings
Lost status Source of classification or shelving scheme Damaged status Not for loan Collection code Permanent Location Current Location Shelving location Date acquired Source of acquisition Cost, normal purchase price Total Checkouts Full call number Date last seen Copy number Koha item type
  Dewey Decimal Classification   Not For Loan Non-fiction Central Library, University of Rajshahi Central Library, University of Rajshahi Reading Room 28/05/1991 Canada 0.00   331.7020973 GAM 1982 21/05/2014 C-1 Books